[Event "Madrid op active"]
[Site "Madrid"]
[Date "2009.12.12"]
[Round "4"]
[White "Barria Zuniga, Daniel"]
[Black "Sotillo Ramos, Federico"]
[Result "1-0"]
[WhiteElo "2426"]
[BlackElo "2196"]
[PlyCount "81"]
[EventDate "2009.12.12"]
[EventType "swiss (rapid)"]
[EventRounds "9"]
[EventCountry "ESP"]
[SourceTitle "CBM 133 Extra"]
[Source "ChessBase"]
[SourceDate "2010.01.05"]
[SourceVersion "1"]
[SourceVersionDate "2010.01.05"]
[SourceQuality "1"]

1. d4 d5 2. c4 c6 3. Nf3 Nf6 4. Nc3 dxc4 5. a4 Bf5 6. e3 e6 7. Bxc4 Bb4 8. 0-0 Nbd7 9. Nh4 Bg6 10. Nxg6 hxg6 11. Qf3 Bd6 12. g3 Nb6 13. Bb3 0-0 14. a5 Nbd5 15. e4 Nxc3 16. bxc3 Be7 17. a6 b6 18. e5 Nd5 19. Kg2 c5 20. c4 Nb4 21. d5 Qc8 22. d6 Bd8 23. Rd1 Qc6 24. Qxc6 Nxc6 25. f4 g5 26. Ba4 Nd4 27. fxg5 f6 28. gxf6 gxf6 29. Bh6 Rf7 30. Be8 Rh7 31. Bf4 Ne2 32. Bc6 Rb8 33. Ra3 Rg7 34. Be3 fxe5 35. Re1 Nd4 36. Bxd4 cxd4 37. Rxe5 Rg6 38. Rf3 Bg5 39. Be4 Rg7 40. Rxe6 Be3 41. Bd5 1-0